Top 10 Most Popular Chinese Takeout Items - Statistics

General Stats
  • This quiz has been taken 72 times
  • The average score is 4 of 10
Answer Stats
Hint Answer % Correct
6 Fried Rice
84%
7 Sweet and Sour Chicken
53%
3 Egg Roll
52%
10 Potstickers
37%
5 Wonton Soup
31%
1 General Tso's Chicken
29%
8 Orange Chicken
29%
4 Sesame Chicken
18%
2 Crab Rangoon
13%
9 Hot and Sour Soup
10%
No matching quizzes found
Score Distribution
Percent of People with Each Score
Percentile by Number Answered
Your Score History
You have not taken this quiz